| 000 | 01352nam0a22002891 4500 | ||
|---|---|---|---|
| 001 | rc\3598944 | ||
| 005 | 20250610081016.0 | ||
| 021 |
_aRU _b[71-57973ж] |
||
| 035 | _a(NLR Aleph) 007812047 | ||
| 090 |
_a7716656 _c7716656 |
||
| 100 | _a20130115d1971 |||y0rusy50 ca | ||
| 101 | 0 | _arus | |
| 102 | _aRU | ||
| 105 | _ay z ||||| | ||
| 200 | 1 |
_aПрофилактика заболеваний сельскохозяйственных животных и птиц _e[Сборник статей _fРед. коллегия: проф. Н.С. Щепилов и др.] |
|
| 210 |
_aНовосибирск _cБ. и. _d1971 |
||
| 215 |
_a136 с. _cграф. _d20 |
||
| 225 | 1 |
_aМинистерство сельского хозяйства СССР. Новосибирский сельскохозяйственный институт. [Труды] _vТ. 45 |
|
| 320 | _aСписки лит.: с. 17 (10 назв.) и с. 74 | ||
| 606 |
_aПтицы (с.-х.) _xБолезни _xПрофилактика и борьба _jСборники _2psbo |
||
| 606 |
_aСельскохозяйственные животные _xБолезни _xПрофилактика и борьба _jСборники _2psbo |
||
| 702 | 1 |
_aЩепилов _bН.С. _4340 |
|
| 801 | 0 |
_aRU _bNLR _gpsbo |
|
| 801 | 1 |
_aRU _bELAR _2rusmarc |
|
| 852 |
_aNLR _jП13/547 |
||
| 942 | _cBOOK | ||
| 980 | _aNB | ||